Sports Quiz

Random Sports Quiz

Michael Jordan Trivia Quiz Stats

 Plays Quiz not verified by Sporcle

Challenge
Share
Tweet
Embed
Score 0/30 Timer 10:00
0 Plays Today
Question Answer % Correct
Team he beat to win his fifth NBA Title?Utah Jazz
95.7%
Team he beat to win his sixth NBA Title?Utah Jazz
95.7%
Ranking on Bill Simmons' Basketball Pyramid1st
95.7%
Ranking on Slam Magazine's 500 Greatest Players of All-Time (2011)1st
95.7%
Team he beat to win his first NBA Title?Los Angeles Lakers
94.6%
Amount of NBA MVPs won?5
94.6%
NBA Jersey # he wore for most of his career?23
93.5%
Amount of NBA Finals MVPs won?6
93.5%
Movie Jordan starred in with the Looney Toons?Space Jam
92.5%
Year Jordan was inducted into the Hall of Fame?2009
92.5%
First NBA 50 Point Game was against?Boston Celtics
91.4%
First NBA 60 Point Game was against?Boston Celtics
91.4%
NBA jersey # he wore for a smaller portion of his career in 1995?45
90.3%
NBA jersey # he wore for one day in 1990 when his jersey was stolen?12
90.3%
Team he beat to win his second NBA Title?Portland Trail Blazers
89.2%
Question Answer % Correct
Amount of All-Star Game MVPs?3
89.2%
What college did he play for?University of North Carolina
88.2%
Amount of All-Star Game Appearances?14
88.2%
The Double Nickel game was against?New York Knicks
87.1%
Team he beat to win his third NBA Title?Phoenix Suns
86%
Team he beat to win his fourth NBA Title?Seattle Supersonics
86%
Jordan's 1992 Dream Team jersey #?9
86%
Player selected immediately before him in the NBA Draft?Sam Bowie
78.5%
First Playoff Series Victory was against?Cleveland Cavaliers
77.4%
First NBA 30 Point Game was against?Milwaukee Bucks
72%
First Playoff Game Victory was against?Milwaukee Bucks
72%
His one 50 point game as a Wizard came against this team?Charlotte Hornets
48.4%
First NBA 40 Point Game was against?San Antonio Spurs
47.3%
Controversial Book released about Jordan in 1991?The Jordan Rules
38.7%
Player selected immediately after him in the NBA Draft?Sam Perkins
26.9%

You're not logged in!

Compare scores with friends on all Sporcle quizzes.
Join for Free
OR
Log In

You Might Also Like...

Show Comments

Extras

Created Jul 7, 2013ReportNominate
Tags:Michael Jordan

Top Quizzes Today


Score Distribution

Your Account Isn't Verified!

In order to create a playlist on Sporcle, you need to verify the email address you used during registration. Go to your Sporcle Settings to finish the process.

Report this User

Report this user for behavior that violates our Community Guidelines.

Details: